000 00494nam a2200169 i 4500
001 86796
003 ES-MaACL
005 20230906175527.0
007 t|
008 041215s1981 sp ||||1| spa d
100 1 _aFernández Gil, Antonio.
_9146510
245 1 0 _aRomance anónimo del rio Andarax /
_cKayros, seud. de Antonio Fernández Gil.
250 _a[1ª ed.].
260 _aAlmería :
_bNueva Andalucía,
_c1981.
300 _a305 p. ;
_c20 cm.
852 _aES-MaACL
_jL-1527
_bR.102015
999 _c86796
_d86796